O flautista de Hamelin (Registo nº 3809)

Detalhes MARC
000 -Etiqueta do registo
Cabeçalho 00718nam0a2200229 n 4500
005 - Identificador da versão
Campo de controlo 20240813122044.0
100 ## - Dados gerais de processamento
Dados gerais de processamento 20100507f198- c y0pory5003 ba
102 ## - Pais de publicação ou produção
País de publicação Portugal
101 1# - Língua de publicação
Língua do texto, banda sonora, etc. Português
Língua do documento no original Alemão
215 ## - Descrição física 
Indicação específica da natureza do documento e extensão da espécie 46 p.
Outras indicações físicas il. color
200 1# - Titulo e menção de responsabilidade
Título próprio O flautista de Hamelin
Primeira menção de responsabilidade desenhos Chiqui de la Fuente
Outras menções de responsabilidade argumento Carlos A. Cornejo
225 1# - Colecção 
Título próprio da colecção Banda desenhada futura
210 ## - Publicação, Distribuição, etc. 
Lugar da edição, distribuição, etc. Lisboa
Nome do editor, distribuidor, etc. Editorial Futura
Data da publicação, distribuição, etc. [198-?]
606 ## - Nome comum usado como assunto
Número de registo de entrada de autoridade 0001788
Palavra de ordem Literatura alemã
Subdivisão de assunto Banda desenhada
Código do sistema CA
675 ## - Classificação Decimal Universal (CDU)
Notação 821.112.2(084.11)
Edição 3ª ed.
Língua da edição por
702 #1 - Nome de autor-pessoa física (responsabilidade secundária)
Número de registo de entrada de autoridade 0000059
Palavra de ordem Cornejo
Outra parte do nome não tomada para palavra de ordem Carlos Alberto
Código de função Adaptador
Número de registo de entrada de autoridade 0001798
Palavra de ordem Fuente
Outra parte do nome não tomada para palavra de ordem Chiqui de la
Código de função Ilustrador / Técnico de desenho computorizado
966 ## - Identificação da Biblioteca
Sigla EBVEN
942 ## - Elementos de entrada adicionados (Koha)
Tipo de item no Koha Livro
Exemplares
Situação do levantamento Origin of item (home branch) (coded) Biblioteca de empréstimo Código de barras Cota Circulation type (not for loan) Tipo de documento Nota do exemplar Damaged status
  Biblioteca Escolar das Vendas Biblioteca Escolar das Vendas BEV561 8BD FLA   Livro Sem mensagem